[Event "FIDE World Senior Team Championship 2020"]
[Site "Olympik hotel, Sokolovska 138, Prague"]
[Date "2020.03.08"]
[Round "3.1.2"]
[White "Maryasin, Boris"]
[Black "Baum, Bernd, Dr."]
[Result "1/2-1/2"]
[WhiteElo "2305"]
[BlackElo "2249"]
[PlyCount "141"]
[WhiteTeam "ISR1"]
[BlackTeam "GER3"]
[EventDate "2020.03.06"]

1. e4 c5 2. Nf3 Nc6 3. Bb5 Qb6 4. Na3 Nf6 5. Qe2 e6 6. O-O Be7 7. c3 O-O 8. Rd1
a6 9. Ba4 Qc7 10. d4 b5 11. Bc2 cxd4 12. cxd4 Bb7 13. Bg5 Nb4 14. Bb1 Rac8 15.
Qd2 d5 16. Bxf6 gxf6 17. e5 f5 18. Qh6 Qd8 19. g4 Rc6 20. Qh5 Bc8 21. Kh1 Kh8
22. gxf5 exf5 23. Bxf5 Bxf5 24. Qxf5 Qc8 25. Qh5 Qe6 26. Rg1 Nd3 27. Raf1 Nxb2
28. Nb1 Nd3 29. Nbd2 Nf4 30. Qg4 Qxg4 31. Rxg4 Nd3 32. Kg2 Rc2 33. Nb1 Rfc8 34.
Ne1 Nxe1+ 35. Rxe1 Rc1 36. Rxc1 Rxc1 37. Nd2 Rc2 38. Nf1 Rxa2 39. Ne3 h5 40.
Rg3 Bd8 41. Rf3 Kg8 42. Nxd5 Rd2 43. Nf6+ Bxf6 44. Rxf6 Rxd4 45. Rxa6 Re4 46.
Ra8+ Kg7 47. Re8 Kg6 48. Kf3 Kf5 49. Re7 Rxe5 50. Rxf7+ Ke6 51. Rb7 Kd6 52. Kf4
Rc5 53. Ke4 Kc6 54. Rb8 Kc7 55. Rg8 b4 56. Kd4 Rf5 57. Kc4 Rf4+ 58. Kb3 Kd6 59.
h3 Ke6 60. Rh8 h4 61. Rh5 Kf6 62. Rh8 Rd4 63. Rf8+ Ke5 64. Re8+ Kf4 65. Rf8+
Ke4 66. f4 Kf3 67. f5 Rf4 68. f6 Kg3 69. f7 Kxh3 70. Ka4 Kh2 71. Rh8 1/2-1/2

[Event "FIDE World Senior Team Championship 2020"]
[Site "Olympik hotel, Sokolovska 138, Prague"]
[Date "2020.03.08"]
[Round "3.1.3"]
[White "Kierzek, Matthias, Dr."]
[Black "Shevelev, Arkady"]
[Result "1/2-1/2"]
[WhiteElo "2217"]
[BlackElo "2278"]
[PlyCount "52"]
[WhiteTeam "GER3"]
[BlackTeam "ISR1"]
[EventDate "2020.03.06"]

1. d4 Nf6 2. c4 c5 3. d5 b5 4. cxb5 Qa5+ 5. Nc3 a6 6. e3 axb5 7. Bxb5 Bb7 8.
Bd2 Qb6 9. Nf3 Nxd5 10. a4 e6 11. O-O Be7 12. e4 Nxc3 13. Bxc3 O-O 14. Ne5 d6
15. Nc4 Qc7 16. Qg4 g6 17. Rae1 Nc6 18. f4 Nd4 19. f5 Bf6 20. Qg3 e5 21. Ne3
Qd8 22. fxg6 fxg6 23. Ng4 Bg7 24. Rxf8+ Qxf8 25. Bxd4 exd4 26. e5 d5 1/2-1/2

[Event "FIDE World Senior Team Championship 2020"]
[Site "Olympik hotel, Sokolovska 138, Prague"]
[Date "2020.03.08"]
[Round "3.1.4"]
[White "Lederman, Leon"]
[Black "Herbrechtsmeier, Christof"]
[Result "1/2-1/2"]
[WhiteElo "2234"]
[BlackElo "2177"]
[PlyCount "55"]
[WhiteTeam "ISR1"]
[BlackTeam "GER3"]
[EventDate "2020.03.06"]

1. e4 e5 2. Nf3 Nc6 3. Bb5 a6 4. Ba4 Nf6 5. O-O Be7 6. Re1 b5 7. Bb3 d6 8. c3
O-O 9. d4 Bg4 10. Be3 d5 11. exd5 exd4 12. Bxd4 Nxd4 13. Qxd4 Bxf3 14. gxf3 Qd7
15. Nd2 Rfe8 16. Ne4 Nxe4 17. Qxe4 h5 18. Qf4 Bd6 19. Qg5 Qh3 20. Qg2 Qf5 21.
Re4 Rxe4 22. fxe4 Qf4 23. Kh1 Re8 24. f3 Re5 25. Qg3 Qd2 26. Qg2 Qf4 27. Qg3
Qd2 28. Qg2 1/2-1/2

[Event "FIDE World Senior Team Championship 2020"]
[Site "Olympik hotel, Sokolovska 138, Prague"]
[Date "2020.03.08"]
[Round "3.2.1"]
[White "Boidman, Yuri"]
[Black "Jansa, Vlastimil"]
[Result "1/2-1/2"]
[WhiteElo "2335"]
[BlackElo "2439"]
[PlyCount "35"]
[WhiteTeam "GER2"]
[BlackTeam "CZE1"]
[EventDate "2020.03.06"]

1. e4 c5 2. Nf3 e6 3. Nc3 a6 4. g3 Nc6 5. Bg2 Nf6 6. O-O d6 7. d4 cxd4 8. Nxd4
Bd7 9. Nxc6 Bxc6 10. a4 Be7 11. a5 O-O 12. Be3 Nd7 13. Qe2 Qc7 14. Rfd1 Rac8
15. b4 Bf6 16. Bd4 Rfd8 17. Bxf6 Nxf6 18. Ra3 1/2-1/2

[Event "FIDE World Senior Team Championship 2020"]
[Site "Olympik hotel, Sokolovska 138, Prague"]
[Date "2020.03.08"]
[Round "3.2.2"]
[White "Hausner, Ivan"]
[Black "Khanukov, Boris"]
[Result "1-0"]
[WhiteElo "2339"]
[BlackElo "2293"]
[PlyCount "123"]
[WhiteTeam "CZE1"]
[BlackTeam "GER2"]
[EventDate "2020.03.06"]

1. d4 Nf6 2. c4 e6 3. g3 c5 4. Nf3 cxd4 5. Nxd4 Nc6 6. Bg2 Bb4+ 7. Nc3 O-O 8.
O-O d5 9. cxd5 exd5 10. Bg5 Be7 11. Rc1 h6 12. Be3 Be6 13. Nxc6 bxc6 14. Na4
Qd7 15. Bc5 Rfc8 16. Qd4 Bf5 17. Bxe7 Qxe7 18. e3 Rab8 19. Nc5 Rb6 20. b3 Rcb8
21. Na4 Rb4 22. Qc5 Qxc5 23. Nxc5 Bc8 24. Rfd1 Kf8 25. Rc3 Ke7 26. Rdc1 Kd6 27.
Na6 Bxa6 28. Rxc6+ Ke7 29. Rxa6 R8b7 30. Rc5 Rd7 31. Bh3 Rdb7 32. Rca5 d4 33.
exd4 Rxd4 34. Rxa7 Rd1+ 35. Kg2 Rxa7 36. Rxa7+ Ke8 37. Ra4 Rd2 38. Bg4 Nxg4 39.
Rxg4 Rxa2 40. Rxg7 Kf8 41. Rg4 Rb2 42. b4 Rb3 43. Rf4 Kg7 44. h4 Kg6 45. Kf1 f5
46. Ke2 Kf6 47. g4 Kg7 48. Rxf5 Rxb4 49. f3 Rb3 50. Kf2 Kg6 51. Kg3 Rb4 52. Re5
Kf6 53. Ra5 Kg6 54. Ra6+ Kg7 55. g5 hxg5 56. hxg5 Rc4 57. f4 Rb4 58. Kg4 Rc4
59. Rd6 Rc5 60. Rd7+ Kg6 61. f5+ Rxf5 62. Rd6+ 1-0

[Event "FIDE World Senior Team Championship 2020"]
[Site "Olympik hotel, Sokolovska 138, Prague"]
[Date "2020.03.08"]
[Round "3.2.3"]
[White "Salov, Sergej"]
[Black "Lechtynsky, Jiri"]
[Result "1/2-1/2"]
[WhiteElo "2135"]
[BlackElo "2330"]
[PlyCount "63"]
[WhiteTeam "GER2"]
[BlackTeam "CZE1"]
[EventDate "2020.03.06"]

1. e4 c6 2. d4 d5 3. Nc3 dxe4 4. Nxe4 Nf6 5. Nxf6+ exf6 6. c3 Bd6 7. Bd3 O-O 8.
Qc2 Re8+ 9. Ne2 g6 10. h4 Be6 11. h5 f5 12. Bd2 Qf6 13. hxg6 fxg6 14. c4 Nd7
15. O-O-O Qf7 16. Nf4 Bxf4 17. Bxf4 b5 18. b3 bxc4 19. Bxc4 Bxc4 20. Qxc4 Qxc4+
21. bxc4 Re4 22. Bd6 Nb6 23. c5 Nc4 24. Rhe1 Nxd6 25. cxd6 Rd8 26. Rxe4 fxe4
27. Re1 Rxd6 28. Rxe4 Kf7 29. f3 Rd5 30. Kc2 c5 31. dxc5 Rxc5+ 32. Kd3 1/2-1/2

[Event "FIDE World Senior Team Championship 2020"]
[Site "Olympik hotel, Sokolovska 138, Prague"]
[Date "2020.03.08"]
[Round "3.2.4"]
[White "Spacek, Petr"]
[Black "Gruzmann, Boris"]
[Result "1/2-1/2"]
[WhiteElo "2333"]
[BlackElo "2206"]
[PlyCount "74"]
[WhiteTeam "CZE1"]
[BlackTeam "GER2"]
[EventDate "2020.03.06"]

1. d4 Nf6 2. c4 d6 3. Nc3 Bf5 4. Nf3 h6 5. e3 Nbd7 6. Bd3 Bxd3 7. Qxd3 e5 8.
O-O Be7 9. b3 O-O 10. Bb2 Re8 11. Rad1 a6 12. dxe5 Nxe5 13. Nxe5 dxe5 14. Qc2
Qc8 15. Nd5 Bd8 16. Rd2 Nh7 17. Rfd1 Nf8 18. a3 Qe6 19. c5 f5 20. h3 Ng6 21.
Qc4 Kh7 22. e4 f4 23. Nb4 Qxc4 24. bxc4 a5 25. Nd3 Bf6 26. Bc3 Red8 27. Rb1 Ra7
28. Rb5 a4 29. Kf1 Ne7 30. Ne1 Rxd2 31. Bxd2 Nc6 32. Bc3 g5 33. Nd3 Kg6 34. Ke2
Kf7 35. Rb1 Ke6 36. g3 Be7 37. Rb5 Bf8 1/2-1/2

[Event "FIDE World Senior Team Championship 2020"]
[Site "Olympik hotel, Sokolovska 138, Prague"]
[Date "2020.03.08"]
[Round "3.3.1"]
[White "Knaak, Rainer"]
[Black "Ogaard, Leif"]
[Result "1/2-1/2"]
[WhiteElo "2478"]
[BlackElo "2362"]
[PlyCount "62"]
[WhiteTeam "GER1"]
[BlackTeam "NOR1"]
[EventDate "2020.03.06"]

1. d4 Nf6 2. c4 e6 3. Nc3 Bb4 4. e3 O-O 5. Bd2 b6 6. Bd3 Bb7 7. Nf3 Bxc3 8.
Bxc3 Ne4 9. Rc1 d6 10. d5 Nxc3 11. Rxc3 Nd7 12. O-O e5 13. e4 a5 14. Nd2 Qe7
15. g3 Nc5 16. Bc2 c6 17. dxc6 Bxc6 18. Re1 Qb7 19. f3 Rad8 20. Nf1 b5 21. cxb5
Qxb5 22. Qc1 Ne6 23. Bb3 Nd4 24. Kg2 d5 25. Bxd5 Bxd5 26. exd5 Qxd5 27. b3 a4
28. Qe3 axb3 29. axb3 Rb8 30. Qxe5 Qxe5 31. Rxe5 Rxb3 1/2-1/2

[Event "FIDE World Senior Team Championship 2020"]
[Site "Olympik hotel, Sokolovska 138, Prague"]
[Date "2020.03.08"]
[Round "3.3.2"]
[White "Heim, Sverre"]
[Black "Chevelevitch, Evgueni, Dr."]
[Result "1/2-1/2"]
[WhiteElo "2316"]
[BlackElo "2391"]
[PlyCount "100"]
[WhiteTeam "NOR1"]
[BlackTeam "GER1"]
[EventDate "2020.03.06"]

1. e4 e5 2. Nf3 Nc6 3. Bb5 a6 4. Ba4 Nf6 5. O-O Be7 6. Re1 b5 7. Bb3 O-O 8. h3
Bb7 9. d3 d6 10. a3 Na5 11. Ba2 c5 12. Nbd2 Bc8 13. c3 Nc6 14. Nf1 Be6 15. Bxe6
fxe6 16. Ng3 Qd7 17. b4 Kh8 18. Bd2 d5 19. Qb1 Bd6 20. bxc5 Bxc5 21. Be3 Bxe3
22. Rxe3 Qd6 23. a4 Rab8 24. axb5 Rxb5 25. Qe1 d4 26. Re2 Rfb8 27. Kh2 R8b6 28.
Rea2 a5 29. Nd2 Ra6 30. Nc4 Qc5 31. Ne2 h6 32. Qc1 Rb3 33. Nd2 Rb8 34. cxd4
Qxc1 35. Rxc1 exd4 36. Nf3 e5 37. Rac2 Rbb6 38. Rc5 a4 39. Nxe5 Nxe5 40. Rxe5
a3 41. Ra1 Rb2 42. Nxd4 Rxf2 43. Rc5 Rd6 44. Rc2 Rxc2 45. Nxc2 Rxd3 46. e5 Nd5
47. Rxa3 Rd2 48. Ne3 Nxe3 49. Rxe3 Kg8 50. Kg3 Kf7 1/2-1/2

[Event "FIDE World Senior Team Championship 2020"]
[Site "Olympik hotel, Sokolovska 138, Prague"]
[Date "2020.03.08"]
[Round "3.3.3"]
[White "Hort, Vlastimil"]
[Black "Moen, Ole Christian"]
[Result "1-0"]
[WhiteElo "2397"]
[BlackElo "2192"]
[PlyCount "67"]
[WhiteTeam "GER1"]
[BlackTeam "NOR1"]
[EventDate "2020.03.06"]

1. e4 e5 2. Nf3 Nc6 3. Bb5 a6 4. Ba4 d6 5. c3 Nf6 6. d4 b5 7. Bb3 Bg4 8. d5 Na5
9. Bc2 c5 10. Nbd2 g6 11. a4 Bh6 12. b4 Nb7 13. Qe2 cxb4 14. cxb4 O-O 15. h3
Bd7 16. O-O Nh5 17. Nb1 Bxc1 18. Rxc1 Nf4 19. Qe3 a5 20. Nc3 bxa4 21. b5 Nc5
22. Bxa4 Rc8 23. Bc2 a4 24. Kh2 Qb6 25. Rcb1 Rb8 26. Bxa4 f5 27. Bc2 fxe4 28.
Bxe4 Nxe4 29. Nxe4 Bf5 30. Nfd2 Qxe3 31. fxe3 Nxd5 32. Rb3 Rb6 33. Ra6 Rd8 34.
Nf6+ 1-0

[Event "FIDE World Senior Team Championship 2020"]
[Site "Olympik hotel, Sokolovska 138, Prague"]
[Date "2020.03.08"]
[Round "3.3.4"]
[White "Kristiansen, Erling"]
[Black "Buchal, Stephan"]
[Result "0-1"]
[WhiteElo "2123"]
[BlackElo "2276"]
[PlyCount "52"]
[WhiteTeam "NOR1"]
[BlackTeam "GER1"]
[EventDate "2020.03.06"]

1. d4 d6 2. Nf3 g6 3. g3 Bg7 4. Bg2 Nf6 5. c4 O-O 6. Nc3 Nc6 7. O-O e5 8. d5
Nb8 9. e4 a5 10. Ne1 Na6 11. Nd3 Nd7 12. Be3 Ndc5 13. Nxc5 Nxc5 14. Rc1 b6 15.
f4 exf4 16. Bxf4 Qe7 17. Qd2 Bd7 18. Rce1 Rae8 19. b3 Bc8 20. Nd1 Nd7 21. Nf2
Ne5 22. Nd3 Nxd3 23. Qxd3 f5 24. Qd2 Qf6 25. Be3 Qc3 26. exf5 Rxe3 0-1

[Event "FIDE World Senior Team Championship 2020"]
[Site "Olympik hotel, Sokolovska 138, Prague"]
[Date "2020.03.08"]
[Round "3.4.1"]
[White "Horvath, Tamas"]
[Black "Balashov, Yuri S"]
[Result "0-1"]
[WhiteElo "2304"]
[BlackElo "2465"]
[PlyCount "94"]
[WhiteTeam "HUN"]
[BlackTeam "RUS"]
[EventDate "2020.03.06"]

1. e4 e5 2. Nf3 Nc6 3. Bb5 a6 4. Ba4 Nf6 5. O-O Be7 6. Nc3 b5 7. Bb3 d6 8. h3
Na5 9. Re1 c5 10. d3 Bb7 11. Ne2 c4 12. dxc4 Nxb3 13. axb3 Nxe4 14. Ng3 Nxg3
15. fxg3 O-O 16. Be3 Qc7 17. cxb5 axb5 18. Rxa8 Rxa8 19. c3 f6 20. Kh2 Bc6 21.
Bf2 Qb7 22. g4 Bd5 23. b4 Ra2 24. Re2 Bf7 25. Bg3 Qd5 26. Qe1 Bf8 27. Nh4 h5
28. Rd2 Qe6 29. gxh5 Bxh5 30. Qf1 Be8 31. Nf5 Bc6 32. Rf2 Be4 33. Qxb5 Ra1 34.
Nh4 d5 35. Qe2 f5 36. Nf3 f4 37. Bh4 Bxf3 38. gxf3 e4 39. Bg5 Qf5 40. h4 Bd6
41. Qb5 Kh7 42. Qe8 Qg4 43. Rg2 Qxf3 44. Be7 Rh1+ 45. Kxh1 Qf1+ 46. Kh2 f3+ 47.
Rg3 Qg2# 0-1

[Event "FIDE World Senior Team Championship 2020"]
[Site "Olympik hotel, Sokolovska 138, Prague"]
[Date "2020.03.08"]
[Round "3.4.3"]
[White "Dory, Jeno"]
[Black "Kalegin, Evgenij"]
[Result "1-0"]
[WhiteElo "2170"]
[BlackElo "2431"]
[PlyCount "85"]
[WhiteTeam "HUN"]
[BlackTeam "RUS"]
[EventDate "2020.03.06"]

1. e4 c5 2. Nf3 e6 3. c3 Nf6 4. e5 Nd5 5. d4 cxd4 6. cxd4 d6 7. Bc4 Be7 8. O-O
O-O 9. Bd2 Nc6 10. Nc3 dxe5 11. dxe5 Nxc3 12. Bxc3 b6 13. Qe2 Bb7 14. Bd3 Bc5
15. Rad1 Qe7 16. a3 a5 17. h4 g6 18. Bd2 Qc7 19. Rc1 a4 20. Bg5 Be7 21. Rfe1
Rfd8 22. Be4 Rac8 23. Qe3 Bc5 24. Rxc5 bxc5 25. Bf6 Kf8 26. Qh6+ Ke8 27. Qxh7
Ne7 28. Ng5 Nd5 29. Qg8+ Kd7 30. Qxf7+ Kc6 31. Qxe6+ Kb5 32. Bxd8 Rxd8 33. Nf7
Qa5 34. Rd1 Nf4 35. Qg4 Rxd1+ 36. Qxd1 Bxe4 37. Nd6+ Kc6 38. Nxe4 Nd5 39. Nf6
Nb6 40. e6 Qa7 41. Qd8 Qa5 42. e7 Qe1+ 43. Kh2 1-0

[Event "FIDE World Senior Team Championship 2020"]
[Site "Olympik hotel, Sokolovska 138, Prague"]
[Date "2020.03.08"]
[Round "3.4.4"]
[White "Zhelnin, Vladimir V"]
[Black "Boguszlavszkij, Jevgenyij"]
[Result "1-0"]
[WhiteElo "2404"]
[BlackElo "2155"]
[PlyCount "131"]
[WhiteTeam "RUS"]
[BlackTeam "HUN"]
[EventDate "2020.03.06"]

1. e4 g6 2. d4 c6 3. Nf3 Bg7 4. h3 d5 5. Nbd2 Nh6 6. Bd3 f6 7. O-O Nf7 8. Re1
O-O 9. c4 e6 10. Nf1 Na6 11. exd5 exd5 12. cxd5 cxd5 13. Bd2 Kh8 14. Qb3 Ng5
15. Bxg5 fxg5 16. Ne5 Nc7 17. Ne3 Ne6 18. Qxd5 Qxd5 19. Nxd5 Nxd4 20. Rad1 Nc6
21. Nxc6 bxc6 22. Ne7 Bd4 23. Re2 c5 24. Nc6 Bf6 25. Rc1 Bb7 26. Na5 Bd5 27.
Rxc5 Rad8 28. Bc4 Ba8 29. Bb3 Bd4 30. Rxg5 Rxf2 31. Rxf2 Rf8 32. Rg4 Bxf2+ 33.
Kh2 Bb6 34. Nc4 Bc7+ 35. Kg1 Bf4 36. g3 Bc7 37. Bd1 Bd5 38. Be2 Be6 39. Re4 Bf5
40. Re3 a6 41. Kg2 Bb8 42. Bf3 Ba7 43. Ra3 Rf6 44. g4 Bd7 45. Rd3 Bb5 46. Rd8+
Kg7 47. b3 Bc5 48. Rc8 Bd4 49. a4 Bxc4 50. Rxc4 Bb6 51. b4 Rd6 52. a5 Rd2+ 53.
Kg3 Bf2+ 54. Kf4 Rd4+ 55. Rxd4 Bxd4 56. Ke4 Bc3 57. b5 Bxa5 58. bxa6 Bb6 59. g5
Kf7 60. Kd5 Be3 61. Kd6 Bf2 62. Kd7 Be3 63. Bd5+ Kf8 64. h4 Bf2 65. Kc7 Ke7 66.
Bg8 1-0

[Event "FIDE World Senior Team Championship 2020"]
[Site "Olympik hotel, Sokolovska 138, Prague"]
[Date "2020.03.08"]
[Round "3.5.1"]
[White "Vaisser, Anatoly"]
[Black "Huss, Andreas"]
[Result "1-0"]
[WhiteElo "2495"]
[BlackElo "2253"]
[PlyCount "103"]
[WhiteTeam "FRA"]
[BlackTeam "SUI"]
[EventDate "2020.03.06"]

1. d4 Nf6 2. c4 e6 3. Nc3 Bb4 4. e3 b6 5. Nge2 Ba6 6. Ng3 Bxc3+ 7. bxc3 d5 8.
Ba3 Bxc4 9. Bxc4 dxc4 10. Qa4+ Qd7 11. Qxc4 Qc6 12. Qxc6+ Nxc6 13. c4 O-O-O 14.
Rc1 Kb7 15. f3 h5 16. Kf2 h4 17. Ne2 Rh5 18. Rhd1 Ra5 19. Rc3 Ra4 20. Rb1 a6
21. Nc1 Rd7 22. Nd3 Kc8 23. Rb2 g5 24. h3 Nh5 25. Rbc2 Ra5 26. Bc1 f5 27. a3 f4
28. exf4 Nxd4 29. Ra2 Nxf4 30. Nxf4 gxf4 31. Bxf4 Rf5 32. Be3 c5 33. a4 a5 34.
Rb2 Kc7 35. Bc1 e5 36. Re3 Nc6 37. Rbe2 Rd4 38. Re4 Nb4 39. Bd2 Nd3+ 40. Kf1
Nf4 41. Rxd4 cxd4 42. Rxe5 Nh5 43. Rb5 Ng3+ 44. Ke1 Kc6 45. Bg5 Rf8 46. Bxh4
Re8+ 47. Kd2 Ne2 48. Bf6 Nc3 49. Re5 Rg8 50. Re6+ Kd7 51. Re7+ Kd6 52. Rg7 1-0

[Event "FIDE World Senior Team Championship 2020"]
[Site "Olympik hotel, Sokolovska 138, Prague"]
[Date "2020.03.08"]
[Round "3.5.2"]
[White "Hohler, Peter"]
[Black "Giffard, Nicolas"]
[Result "0-1"]
[WhiteElo "2057"]
[BlackElo "2236"]
[PlyCount "94"]
[WhiteTeam "SUI"]
[BlackTeam "FRA"]
[EventDate "2020.03.06"]

1. d4 Nf6 2. c4 e6 3. Nf3 Bb4+ 4. Nbd2 O-O 5. a3 Bxd2+ 6. Qxd2 a5 7. b3 b6 8.
g3 Bb7 9. Bg2 d6 10. O-O Qe7 11. Bb2 Nbd7 12. Ne1 Bxg2 13. Nxg2 c5 14. Rad1 a4
15. b4 cxb4 16. Qxb4 Rfc8 17. Ne3 Ne8 18. Rb1 Rcb8 19. Rfd1 Ndf6 20. Rd3 Qd7
21. Bc3 Qc8 22. Be1 h6 23. Qd2 Qd7 24. Qd1 d5 25. cxd5 exd5 26. Rc3 Nd6 27. Qd3
b5 28. Rc2 Nc4 29. Bb4 Re8 30. Ng2 Ra6 31. e3 Ne4 32. Re2 Rf6 33. Rf1 Ng5 34.
Ne1 Qg4 35. f4 Ne4 36. Nf3 Rg6 37. Rg2 Qc8 38. Ne5 Ra6 39. Nf3 h5 40. Ne5 f6
41. Nf3 Qg4 42. Re2 Rae6 43. Nh4 Nxg3 44. hxg3 Rxe3 45. Rxe3 Rxe3 46. Qf5 Rxg3+
47. Kf2 Rf3+ 0-1

[Event "FIDE World Senior Team Championship 2020"]
[Site "Olympik hotel, Sokolovska 138, Prague"]
[Date "2020.03.08"]
[Round "3.5.3"]
[White "Boudre, Jean-Pierre"]
[Black "Kradolfer, Georg"]
[Result "1/2-1/2"]
[WhiteElo "2263"]
[BlackElo "1991"]
[PlyCount "121"]
[WhiteTeam "FRA"]
[BlackTeam "SUI"]
[EventDate "2020.03.06"]

1. e4 c6 2. Nc3 d5 3. Nf3 dxe4 4. Nxe4 Bg4 5. h3 Bxf3 6. Qxf3 e6 7. c3 Nd7 8.
d4 Ndf6 9. Bd3 Nxe4 10. Qxe4 Nf6 11. Qe2 Qc7 12. Bd2 h6 13. O-O-O O-O-O 14. Kb1
Kb8 15. g3 Bd6 16. c4 c5 17. Bc3 Rhe8 18. dxc5 Qxc5 19. b4 Qb6 20. Qb2 Be7 21.
a3 Qc6 22. Qe2 Qa4 23. Kb2 Qc6 24. Bc2 Rxd1 25. Rxd1 Rc8 26. Be5+ Ka8 27. Kb3
Rd8 28. f3 Rxd1 29. Qxd1 g6 30. g4 Qd7 31. Qe2 Ne8 32. Qd3 Qxd3+ 33. Bxd3 Bd6
34. Bd4 Kb8 35. c5 Bf4 36. Bb5 Nc7 37. Bd7 e5 38. Bf2 g5 39. Kc4 Ne6 40. c6 Nd4
41. cxb7 Kxb7 42. Be8 f6 43. Bg6 Kc7 44. Be4 Bc1 45. a4 Bb2 46. b5 Kd6 47. Be1
Ba3 48. Ba5 Ne6 49. b6 axb6 50. Bxb6 Bc5 51. a5 Bd4 52. Bxd4 exd4 53. a6 Nc7
54. a7 Ke5 55. a8=Q Nxa8 56. Bxa8 f5 57. gxf5 Kxf5 58. Kxd4 Kf4 59. Bd5 h5 60.
Bf7 g4 61. fxg4 1/2-1/2

[Event "FIDE World Senior Team Championship 2020"]
[Site "Olympik hotel, Sokolovska 138, Prague"]
[Date "2020.03.08"]
[Round "3.5.4"]
[White "Staechelin, Ruedi"]
[Black "Letzelter, Jean-Claude"]
[Result "0-1"]
[WhiteElo "1994"]
[BlackElo "2128"]
[PlyCount "96"]
[WhiteTeam "SUI"]
[BlackTeam "FRA"]
[EventDate "2020.03.06"]

1. e4 Nc6 2. Nf3 g6 3. d4 d6 4. h3 Bg7 5. c3 Nf6 6. Bd3 e5 7. dxe5 dxe5 8. O-O
O-O 9. Bg5 h6 10. Be3 Nh5 11. Bc2 Qf6 12. Nh2 Nf4 13. Qf3 g5 14. Kh1 Ne7 15.
Bxf4 gxf4 16. Qh5 Be6 17. Nd2 Qg6 18. Qxg6 fxg6 19. Bb3 Kf7 20. Nhf3 g5 21.
Rad1 Ng6 22. g4 Kf6 23. Bxe6 Kxe6 24. Nb3 b6 25. Rd2 Bf6 26. Rfd1 Rf7 27. Kg2
Rh8 28. Rh1 Rfh7 29. Rdd1 h5 30. Nc1 Ne7 31. Nd3 Rh6 32. Nb4 Nc8 33. Rhe1 Nd6
34. Nd5 Bd8 35. Re2 a5 36. c4 c6 37. c5 bxc5 38. Nc3 Be7 39. Red2 Nc4 40. Re2
Rb8 41. b3 Na3 42. Rc1 Rb4 43. Na4 c4 44. Nb2 hxg4 45. hxg4 cxb3 46. Rxc6+ Kf7
47. Rxh6 bxa2 48. Nxe5+ Ke8 0-1

[Event "FIDE World Senior Team Championship 2020"]
[Site "Olympik hotel, Sokolovska 138, Prague"]
[Date "2020.03.08"]
[Round "3.6.1"]
[White "Holst, Per"]
[Black "Pruefer, Friedbert, Dr."]
[Result "1/2-1/2"]
[WhiteElo "2152"]
[BlackElo "2214"]
[PlyCount "51"]
[WhiteTeam "DEN"]
[BlackTeam "GER4"]
[EventDate "2020.03.06"]

1. Nf3 Nf6 2. c4 g6 3. Nc3 d5 4. cxd5 Nxd5 5. e4 Nxc3 6. dxc3 Qxd1+ 7. Kxd1 Bg7
8. Bf4 c6 9. Kc2 O-O 10. Bc4 Nd7 11. a4 Nc5 12. Nd2 Be6 13. f3 Rfd8 14. Be3
Bxc4 15. Nxc4 Ne6 16. Na5 Rd7 17. Rhd1 Rc7 18. Rd2 Kf8 19. Nc4 Ke8 20. a5 c5
21. Rad1 Rd8 22. Rxd8+ Nxd8 23. Rd5 Ne6 24. f4 Nd4+ 25. Kd3 e6 26. Rxc5 1/2-1/2

[Event "FIDE World Senior Team Championship 2020"]
[Site "Olympik hotel, Sokolovska 138, Prague"]
[Date "2020.03.08"]
[Round "3.6.2"]
[White "Brock, Friedemann"]
[Black "Christiansen, Jens Jorgen"]
[Result "1/2-1/2"]
[WhiteElo "2230"]
[BlackElo "2042"]
[PlyCount "35"]
[WhiteTeam "GER4"]
[BlackTeam "DEN"]
[EventDate "2020.03.06"]

1. d4 d5 2. c4 c6 3. Nc3 Nf6 4. Nf3 a6 5. cxd5 cxd5 6. Bf4 Nc6 7. e3 Qb6 8. a3
e6 9. Bd3 Bd7 10. O-O Be7 11. h3 Qa7 12. Rc1 O-O 13. Nd2 Rac8 14. Nb3 b5 15.
Nc5 Na5 16. e4 dxe4 17. N3xe4 Nc4 18. Nxf6+ 1/2-1/2

[Event "FIDE World Senior Team Championship 2020"]
[Site "Olympik hotel, Sokolovska 138, Prague"]
[Date "2020.03.08"]
[Round "3.6.3"]
[White "Christiansen, Arne"]
[Black "Schoeneberg, Manfred"]
[Result "1/2-1/2"]
[WhiteElo "2016"]
[BlackElo "2144"]
[PlyCount "29"]
[WhiteTeam "DEN"]
[BlackTeam "GER4"]
[EventDate "2020.03.06"]

1. d4 Nf6 2. Nf3 d6 3. c4 Nbd7 4. Nc3 e5 5. e4 Be7 6. Be2 O-O 7. O-O c6 8. Qc2
Qc7 9. Be3 a6 10. Rac1 Re8 11. d5 c5 12. Bd3 Nf8 13. Ne2 Nh5 14. a3 Bd7 15. Ng3
1/2-1/2

[Event "FIDE World Senior Team Championship 2020"]
[Site "Olympik hotel, Sokolovska 138, Prague"]
[Date "2020.03.08"]
[Round "3.6.4"]
[White "Heinsohn, Guenther"]
[Black "Jorgensen, Jorgen"]
[Result "1/2-1/2"]
[WhiteElo "2157"]
[BlackElo "2150"]
[PlyCount "37"]
[WhiteTeam "GER4"]
[BlackTeam "DEN"]
[EventDate "2020.03.06"]

1. e4 c6 2. d4 d5 3. Nd2 dxe4 4. Nxe4 Bf5 5. Ng3 Bg6 6. Nf3 Nd7 7. Bd3 Bxd3 8.
Qxd3 Ngf6 9. O-O e6 10. c4 Be7 11. b3 O-O 12. Bb2 Qc7 13. Rfd1 Rfd8 14. Qe2 Nf8
15. Ne5 Ng6 16. Nxg6 hxg6 17. Rd3 Rd7 18. Rad1 Rad8 19. h3 1/2-1/2

[Event "FIDE World Senior Team Championship 2020"]
[Site "Olympik hotel, Sokolovska 138, Prague"]
[Date "2020.03.08"]
[Round "3.7.1"]
[White "Nordstrom, Felix"]
[Black "Mojzis, Jaroslav"]
[Result "1/2-1/2"]
[WhiteElo "2091"]
[BlackElo "2074"]
[PlyCount "31"]
[WhiteTeam "SWE2"]
[BlackTeam "CZE5"]
[EventDate "2020.03.06"]

1. d4 Nf6 2. c4 e6 3. Nc3 Bb4 4. Qc2 d6 5. Nf3 Nc6 6. Bd2 O-O 7. a3 Bxc3 8.
Bxc3 Qe7 9. e3 e5 10. dxe5 Nxe5 11. Be2 Re8 12. O-O a5 13. b3 Nxf3+ 14. Bxf3
Ne4 15. Bb2 Bf5 16. Qd1 1/2-1/2

[Event "FIDE World Senior Team Championship 2020"]
[Site "Olympik hotel, Sokolovska 138, Prague"]
[Date "2020.03.08"]
[Round "3.7.2"]
[White "Navratil, Frantisek"]
[Black "Carlsson, Ingvar"]
[Result "1/2-1/2"]
[WhiteElo "2124"]
[BlackElo "2038"]
[PlyCount "25"]
[WhiteTeam "CZE5"]
[BlackTeam "SWE2"]
[EventDate "2020.03.06"]

1. e4 e6 2. d4 d5 3. exd5 exd5 4. Bd3 Bd6 5. Nf3 Nc6 6. c3 Nge7 7. Qc2 Bg4 8.
Nbd2 Qd7 9. O-O f6 10. b4 Bf5 11. Bxf5 Qxf5 12. Qxf5 Nxf5 13. Re1+ 1/2-1/2

[Event "FIDE World Senior Team Championship 2020"]
[Site "Olympik hotel, Sokolovska 138, Prague"]
[Date "2020.03.08"]
[Round "3.7.3"]
[White "Wihlborn, Bengt"]
[Black "Trojan, Lubos"]
[Result "0-1"]
[WhiteElo "1859"]
[BlackElo "1928"]
[PlyCount "152"]
[WhiteTeam "SWE2"]
[BlackTeam "CZE5"]
[EventDate "2020.03.06"]

1. Nf3 d5 2. c4 c6 3. e3 Nf6 4. b3 Bg4 5. Be2 e6 6. Bb2 Nbd7 7. O-O Bd6 8. d4
Qc7 9. Nbd2 Qb8 10. h3 Bh5 11. a3 h6 12. Ne1 Bg6 13. b4 O-O 14. Nb3 Rd8 15. Nc5
dxc4 16. Nxd7 Rxd7 17. Bxc4 e5 18. dxe5 Bxe5 19. Qb3 Ne4 20. Bxe5 Qxe5 21. Nf3
Qf6 22. Rad1 Rad8 23. Rd4 Rxd4 24. exd4 Bh5 25. Re1 Bxf3 26. Qxf3 Qxf3 27. gxf3
Nd2 28. Be2 Rxd4 29. Kg2 Rd6 30. Bd1 Kf8 31. f4 Rg6+ 32. Kh2 Rd6 33. Kg2 b6 34.
Re3 Nc4 35. Rc3 Rxd1 36. Rxc4 Rd6 37. Rc3 Ke7 38. h4 Kd7 39. h5 g6 40. hxg6
Rxg6+ 41. Kf3 f5 42. Rc1 Rd6 43. Rh1 c5 44. bxc5 bxc5 45. Rh5 Rf6 46. Ke3 Kc6
47. Kd3 Kd5 48. f3 c4+ 49. Kc3 Kc5 50. Rh3 Ra6 51. Kc2 Kd4 52. Rh5 Rf6 53. Rh4
c3 54. Rh3 Rb6 55. Rh5 Rf6 56. Rh4 Kc4 57. Rh5 a6 58. Rh3 Rd6 59. Rh5 a5 60.
Rh3 Rd2+ 61. Kc1 Rf2 62. Rxh6 Rxf3 63. Ra6 Kb3 64. Rb6+ Kxa3 65. Kc2 Rxf4 66.
Kxc3 Rb4 67. Rf6 f4 68. Rf8 a4 69. Rf7 Rb3+ 70. Kc2 f3 71. Kc1 Ka2 72. Rf4 a3
73. Rf6 Rb1+ 74. Kc2 Rb2+ 75. Kc1 f2 76. Rf3 f1=Q+ 0-1